| 000 | 00488nam a2200169Ia 4500 | ||
|---|---|---|---|
| 999 |
_c16581 _d16581 |
||
| 082 | _aRB.0101 | ||
| 100 | _aBakshi, O.P. | ||
| 245 | 0 |
_aLogic of political inquiry : _bA study of Karl Popper's methodology for social science |
|
| 260 |
_c1989 _bICSSR, New Delhi |
||
| 300 | _a125p. | ||
| 650 | _aSOCIAL VALUES | ||
| 650 | _aPOPPER, KARL | ||
| 650 | _aSOCIAL SCIENCES - METHODOLOGY | ||
| 650 | _aPOLITICAL SOCIOLOGY | ||
| 710 | _aInstitute of Economic Growth, Delhi | ||
| 942 |
_cRP _2ddc |
||